ბათუმის შოთა რუსთაველის სახელმწიფო უნივერსიტეტის ბიბლიოთეკა

საინვესტიციო პროექტების რისკების მართვის პრობლემები და სრულყოფის გზები საქართველოში / (ბიბ.ჩანაწერი № 58058)

000 -ლიდერი
ფიქსირებული სიგრძის საკონტროლო ველი 02392nam a22002537a 4500
003 - საკონტროლო ნომრის იდენტიფიკატორი
საკონტროლო ველი Ge_BSU
005 - ბოლო ოპერაციის თარიღი და დრო
საკონტროლო ველი 20221221135200.0
008 - ფიქსირებული სიგრძის მონაცემთა ელემენტები - ზოგადი ინფორმაცია
ფიქსირებული სიგრძის საკონტროლო ველი 210603s2021 ge ||||| |||| 00| 0 geo d
041 ## - ენის კოდი
Language code of text/sound track or separate title geo
080 ## - უნივერსალური ათობითი კლასიფიკაციის ინდექსი
Universal Decimal Classification number 33 მ-29
100 ## - მთავარი ჩანაწერი - პიროვნების სახელი
Personal name მარგველაშვილი, ირაკლი
9 (RLIN) 11948
245 ## - ცნობა სათაურის შესახებ
Title საინვესტიციო პროექტების რისკების მართვის პრობლემები და სრულყოფის გზები საქართველოში /
Statement of responsibility, etc ირაკლი მარგველაშვილი; სამეცნიერო ხელმძღვანელი ვლადიმერ ღლონტი, გიორგი ღავთაძე; ბათუმის შოთა რუსთაველის სახელმწიფო უნივერსიტეტი. ეკონომიკისა და ბისნესის ფაკულტეტი. საფინანსო, საბანკო და სადაზღვევო საქმის დეპარტამენტი.
264 ## - წარმოების, გამოცემის, დისტრიბუციის და სხვა ცნობები
გამოცემის, წარმოების, დისტრიბუციის... ადგილი ბათუმი,
გამოცემის, წარმოების, დისტრიბუციის... თარიღი 2021.
300 ## - ფიზიკური აღწერა
Extent 196 გვ.
Other physical details 30 სმ.
501 ## - შენიშვნა თანმხლებ მასალაზე
With note დანართი გვ. 186-196
504 ## - BIBLIOGRAPHY, ETC. NOTE
Bibliography, etc ბიბლიოგრ. გვ.176-185
653 ## - INDEX TERM--UNCONTROLLED
Uncontrolled term საინვესტიციო პროექტების რისკების მართვის პრობლემები და სრულყოფის გზები საქართველოში
653 ## - INDEX TERM--UNCONTROLLED
Uncontrolled term ბიზნეს ადმინისტრირება
653 ## - INDEX TERM--UNCONTROLLED
Uncontrolled term დისერტაცია
700 ## - ADDED ENTRY--PERSONAL NAME
Personal name ღლონტი, ვლადიმერ
Relator term სამეცნიერო ხელმძღვანელი
9 (RLIN) 907
700 ## - ADDED ENTRY--PERSONAL NAME
Personal name ღავთაძე, გიორგი
Relator term სამეცნიერო ხელმძღვანელი
9 (RLIN) 846
710 ## - ADDED ENTRY--CORPORATE NAME
Corporate name or jurisdiction name as entry element ბათუმის შოთა რუსთაველის სახელმწიფო უნივერსიტეტი.
Subordinate unit ეკონომიკისა და ბისნესის ფაკულტეტი. საფინანსო, საბანკო და სადაზღვევო საქმის დეპარტამენტი
9 (RLIN) 11949
942 ## - ADDED ENTRY ELEMENTS (KOHA)
Source of classification or shelving scheme
Koha item type დისერტაცია
ეგზემპლარები
ჩამოწერის სტატუსი დაკარგული ეგზემპლარის სტატუსი კლასიფიკაციის წყარო ან თაროზე გაწყობის სქემა დაზიანების სტატუსი არ გაიცემა მუდმივი მდებარეობა (დაცვის ადგილი) ამჟამინდელი ადგილსამყოფელი შეძენის თარიღი სრული შენახვის შიფრი შტრიხკოდი ბოლო ოპერაციის თარიღი ეგზემპლარის მიმდევრობითი ნომერი (კეტერი?) ფასის ძალაში შესვლის თარიღი ეგზემპლარის სახეობა
        შიდა ფონდი ბათუმის შოთა რუსთაველის სახელმწიფო უნივერსიტეტის მთავარი ბიბლიოთეკა ბათუმის შოთა რუსთაველის სახელმწიფო უნივერსიტეტის მთავარი ბიბლიოთეკა 2021-06-03 33 მ-29 361 დისერტ. 2021-06-03 361 2021-06-03 დისერტაცია